00613nim a22002057a 450000500170000000800410001704100080005808200110006610000170007724500330009426000150012726000180014226000090016030000130016930000180018250501460020065000150034665000220036165000240038320220720134041.0190307b xxu||||| |||| 00| 0 spa d aspa a107 DC aRoth, Andrew aNatural sounds of Costa Rica aCosta Rica bZona Tropical c2001 a1 CD-ROM a62:52 minutos a1. Cloudforest. 2. Howler monkey and rain. 3. Frog symphony. 4. Rainforest. 5. Boiling mud pots. 6. Arenal volcano. 7. Wetlands. 8. Seashore. aCOSTA RICA aSONIDOS NATURALES aSONIDOS DE ANIMALES